|
|
|
|
| LEADER |
00000nas a2200000 a 4500 |
| 001 |
ssj0000817 |
| 003 |
WaSeSS |
| 005 |
20200512172242.0 |
| 006 |
m d |
| 007 |
cr n |
| 008 |
011204c19uu9999nyumr pss 0 a0eng c |
| 010 |
|
|
|a 2006213833
|
| 022 |
|
|
|a 1930-3858
|l 0195-5365
|y 0195-5365
|
| 035 |
|
|
|a (WaSeSS)ssj0000817
|
| 037 |
|
|
|b DNA Publications, PO Box 2988, Radford, VA 24143-2988
|
| 040 |
|
|
|a HNK
|b eng
|c HNK
|d OCLCQ
|d NSD
|d OCLCQ
|d OCLCF
|d OCLCO
|d OCLCQ
|d WaSeSS
|
| 042 |
|
|
|a nsdp
|a pcc
|
| 082 |
1 |
0 |
|a 813
|2 13
|
| 130 |
0 |
|
|a Science fiction chronicle (Online)
|
| 222 |
|
0 |
|a Science fiction chronicle
|b (Online)
|
| 245 |
1 |
0 |
|a Science fiction chronicle
|h [electronic resource].
|
| 246 |
3 |
0 |
|a Chronicle
|
| 260 |
|
|
|a Brooklyn, N.Y. :
|b Science Fiction Chronicle
|
| 310 |
|
|
|a Monthly,
|b 2001-
|
| 321 |
|
|
|a Bimonthly,
|b -2000
|
| 362 |
1 |
|
|a Coverage as of Oct. 31, 2001: vol. 19, iss. 5/6 (Apr. 1998)-
|
| 500 |
|
|
|a Published: Radford, Va. : DNA Publications, <Mar. 2001->
|
| 506 |
|
|
|a License restrictions may limit access.
|
| 538 |
|
|
|a Mode of access: World Wide Web.
|
| 588 |
|
|
|a Description based on: Vol. 19, iss. 5/6 (Apr. 1998); title from title information screen (viewed Oct. 31, 2001).
|
| 588 |
|
|
|a Latest issue consulted: Vol. 21, iss. 3 (June/July 2000) (viewed Mar. 02, 2006).
|
| 650 |
|
0 |
|a Science fiction
|v Periodicals.
|
| 650 |
|
0 |
|a Fantasy fiction
|v Periodicals.
|
| 650 |
|
7 |
|a Fantasy fiction.
|2 fast
|0 (OCoLC)fst00920710
|
| 650 |
|
7 |
|a Science fiction.
|2 fast
|0 (OCoLC)fst01108566
|
| 655 |
|
0 |
|a Electronic journals.
|
| 776 |
1 |
|
|t Science fiction chronicle
|x 0195-5365
|w (DLC) 95642431
|w (OCoLC)5509898
|
| 856 |
4 |
0 |
|z Full text available from Research Library: 04/01/1998 to 06/30/2000
|u https://search.proquest.com/publication/47565
|
| 856 |
4 |
0 |
|z Full text available from Research Library: 08/01/2000 to 09/30/2006
|u https://search.proquest.com/publication/25403
|